| 000 | 00734nam a2200169 a 4500 | ||
|---|---|---|---|
| 008 | 081121s1995 ||||||||||||||||| || u | ||
| 020 | _a0821334905 | ||
| 050 | _aIBRD(08) | ||
| 100 | _aHatziolos, Marea E | ||
| 245 | 1 | 0 |
_aSustainable financing mechanisms for coral reef conservation: proceedings of a workshop _cEdited by Anthony J. Hooten |
| 260 |
_aWashington, D. C. _bWorld Bank _c1995 |
||
| 300 | _avii, 116p. | ||
| 350 | _a0.00 | ||
| 490 | _aEnvironmentally Sustainable Development Proceedings Series | ||
| 650 | _aCORAL REEF CONSERVATION--FINANCE--CONGRESSES | ||
| 995 |
_D0.00 _FCBU-MAIN LIBRARY (Kitwe) _H1 _I0.00 _M1 _UAVAILABLE _WNov 21, 2008 _ZInternational Publications |
||
| 999 |
_c59237 _d59237 |
||